01598nam a2200157 a 4500008004100000020001800041041000800059100001800067245004100085250004600126260003300172300001100205500007800216505113100294655001501425180524e2007 ag ||||| |||| 00| f spa d a9789500428651 aspa1 aSmith, Wilbur 3aEl soberano del Nilo /bWilbur Smith a4a ed.bTraducción Agustin Pico Estrada aBuenos Aires:bEmece;c2007. a480 p. aSmith, W. (2007). El soberano del Nilo. (1a ed.). Buenos Aires : Emecé. aWilbur Smith regresa con la esperada secuela de su apasionante serie egipcia. Después de Río sagrado, El séptimo papiro y Hechicero, esta nueva novela continúa la historia del mago Taita, sabio conocedor de los poderes de los antiguos dioses y maestro de lo sobrenatural. Egipto azotado por una serie de terribles plagas hasta que, al fin, sobreviene el mayor de los desastres: las aguas del Nilo detiene su curso. La corriente que nutre y da sustento a la tierra ancestral de los faraones se seca por completo. Una catástrofe ha ocurrido en las distantes e inexploradas profundidades de África donde nace el poderoso torrente. Desesperado, el Faraón manda llamar a Taita, único capaz de abrirse paso hasta las fuentes para descubrir la causa de tantos males. Pero ninguno de ellos imagina cuán terrible es el enemigo que aguarda al brujo en esas tierras misteriosas del confín de su mundo. Impredecible, vibrante e impetuoso, el Soberano del Nilo conjuga aventuras, sensualidad y suspenso, a la vez que refuerza el poderoso imán de los arcanos de la civilización más hermética de la antigüedad.  aLiteratura